Statistiques concernant Pays les plus proches de Gabon - sprint de 15 secondes

Cliquez ici pour prendre le quiz!

Statistiques générales

  • Ce quiz a été pris 49 fois
  • Le résultat moyen est 5 sur 20

Statistiques - réponses

kmpais% Correct
0Congo
79%
158Rép dém du Congo
79%
0Cameroun
71%
0Guinée équatoriale
41%
118Angola
35%
1044Togo
26%
1184Niger
21%
418Nigeria
21%
969Bénin
18%
1463Namibie
18%
237Sao Tomé-
et-Principe
18%
637Tchad
18%
1091Ghana
15%
1429Burkina Faso
12%
1442Côte d'Ivoire
12%
232République
Centrafricaine
12%
1604Rwanda
3%
1396Soudan
3%
1435Zambie
3%
1314Soudan du Sud
0%

Distribution des résultats

Percentile par nombre de réponses

% des personnes avec chaque résultat

Votre développement - résultats

Vous n’avez pas pris ce quiz